000 00359nam a2200121Ia 4500
008 250110s9999 xx 000 0 und d
041 _aeng
100 _aHingne Neeraja
245 _aExclusive Childscape : Landscape Proposal For Childrens Park
260 _bM Arch Landscape, Pune
_c2014
300 _a62p
700 _aGuide Name:Kamalapurkar Subhada
_9210348
999 _c363540
_d363540